000 01306nam a22002417a 4500
005 20250618134000.0
008 240306b ||||| |||| 00| 0 eng d
020 _a9789352027194
040 _cAL
041 _aEnglish
082 _a510
_bBOSI
100 _aD Bose
_9215332
245 _aIntroduction to mathematical methods
260 _aMumbai
_bHimalaya Publishing House
_c2021
300 _a435 p.
_bPB
_c21.5x14 cm.
365 _a7776
_b₹328.00
_c
_d₹410.00
_e20%
_f16-02-2024
520 _aThe book on hand “An Introduction to MATHEMATICAL METHODS” is an introductory text book designed primarily for B.A., B.Com., B.B.A., M.A., M.Com., and M.B.A., Courses in Indian Universities. There are many text books on Mathematical Methods by Foreign as well as Indian Authors. However most of those books are above the standard of on average students. Hence this book is mainly written for the beginners. CONTENTS - 1. Introduction 2. Progressions 3. Trigonometric Ratios 4. Permutations and Combination 5. Binomial Theorem 6. Differential Calculus 7. Integral Calculus 8. Set Theory 9. Matrices 10. Linear Programming
650 _aStatistics
_9153209
650 _aDifferential Calculus
_9153210
650 _aMatrices
_9153211
650 _aLinear Programming
_9153212
942 _2ddc
_cBK
999 _c230082
_d230082